000 01053nam a22002297a 4500
003 BJBSDDR
005 20251217155907.0
007 ta
008 251217s2009 sp ||||| |||| 00| 0 spa d
020 _a9788420649078
020 _a8420649074
040 _bspa
_cBJBSDDR
041 _aspa
050 _bA352c 2009
100 1 _aAlcina Franch, José
_946527
245 1 4 _aLas culturas precolombinas de América /
_cJosé Alcina Franch
260 _aMadrid :
_bAlianza,
_c2009
300 _a259 paginas :
_bilustraciones ;
_c23 cm
520 _aEn este volumen se analiza la enorme riqueza cultural que se concentra en un continente de la extensión y complejidad del americano, donde, en cuarenta mil años de historia, se han dado dos mil lenguas diferentes y centenares de nichos ecológicos. Dado que es un volumen introductorio, se estudia exclusivamente el área denominada América nuclear, que comprende las zonas más importantes en el desarrollo de la civilización de la América precolombina
942 _2lcc
_n0
_cBK
946 _icmc
999 _c126164
_d126164